<?xml version="1.0" encoding="UTF-8"?><collection xmlns="info:lc/xmlns/marcxchange-v2"><record format="Unimarc" type="bibliographic"><leader>00773cam  2200229   450 </leader><controlfield tag="001">1855568</controlfield><controlfield tag="003">http://id.bnportugal.gov.pt/bib/porbase/1855568</controlfield><controlfield tag="005">20030529023600.0</controlfield><datafield ind1=" " ind2=" " tag="010"><subfield code="a">84-8156-069-3</subfield></datafield><datafield ind1=" " ind2=" " tag="035"><subfield code="6">33439</subfield></datafield><datafield ind1=" " ind2=" " tag="095"><subfield code="a">PTBN00845046</subfield></datafield><datafield ind1=" " ind2=" " tag="100"><subfield code="a">19950519d1994    k  y0pory0103    ba</subfield></datafield><datafield ind1="0" ind2=" " tag="101"><subfield code="a">spa</subfield></datafield><datafield ind1=" " ind2=" " tag="102"><subfield code="a">ES</subfield></datafield><datafield ind1="1" ind2=" " tag="200"><subfield code="a">Ciudad y territorio</subfield><subfield code="e">&lt;una &gt;visión de futuro</subfield><subfield code="e">catálogo de la Exposición CERDA...Barcelona, 1995</subfield><subfield code="f">[org.Institut Ildefons Cerdá]</subfield></datafield><datafield ind1=" " ind2=" " tag="210"><subfield code="a">Barcelona</subfield><subfield code="c">Electa</subfield><subfield code="d">1994</subfield></datafield><datafield ind1=" " ind2=" " tag="215"><subfield code="a">381 p.</subfield><subfield code="c">il.</subfield></datafield><datafield ind1=" " ind2=" " tag="675"><subfield code="a">711(460)</subfield><subfield code="v">BN</subfield><subfield code="z">por</subfield><subfield code="3">329090</subfield></datafield><datafield ind1=" " ind2=" " tag="675"><subfield code="a">72.036 Cerdá, I</subfield><subfield code="v">BN</subfield><subfield code="z">por</subfield><subfield code="3">1393224</subfield></datafield><datafield ind1="1" ind2="2" tag="710"><subfield code="a">Ciudad y Territorio: una visión de futuro</subfield><subfield code="e">Barcelona</subfield><subfield code="f">1995</subfield><subfield code="3">648701</subfield></datafield><datafield ind1="0" ind2="2" tag="711"><subfield code="a">Institut Ildefons Cerda</subfield><subfield code="4">340</subfield><subfield code="3">648702</subfield></datafield><datafield ind1=" " ind2="0" tag="801"><subfield code="a">PT</subfield><subfield code="b">BN</subfield><subfield code="g">RPC</subfield></datafield><datafield ind1=" " ind2=" " tag="977"><subfield code="1">711 CIU (1)</subfield><subfield code="2">coop</subfield><subfield code="4">UCDARQ</subfield><subfield code="6">mq1020446</subfield><subfield code="7">bc</subfield><subfield code="8">coop</subfield><subfield code="9">UCDARQ</subfield><subfield code="b">1262</subfield><subfield code="k">0</subfield></datafield><datafield ind1=" " ind2=" " tag="998"><subfield code="a">CDA2-66</subfield></datafield></record></collection>